Understanding Buildings : A Muitidisciplinary Approach (Record no. 12372)

000 -LEADER
fixed length control field 00347 a2200133 4500
003 - CONTROL NUMBER IDENTIFIER
control field OSt
005 - DATE AND TIME OF LATEST TRANSACTION
control field 20240117095756.0
008 - FIXED-LENGTH DATA ELEMENTS--GENERAL INFORMATION
fixed length control field 240117b ||||| |||| 00| 0 eng d
020 ## - INTERNATIONAL STANDARD BOOK NUMBER
International Standard Book Number 9781138628557
100 ## - MAIN ENTRY--PERSONAL NAME
Personal name Esmond Reid
245 ## - TITLE STATEMENT
Title Understanding Buildings : A Muitidisciplinary Approach
260 ## - PUBLICATION, DISTRIBUTION, ETC. (IMPRINT)
Name of publisher, distributor, etc Taylor & Francis Group
Date of publication, distribution, etc 1998
942 ## - ADDED ENTRY ELEMENTS (KOHA)
Source of classification or shelving scheme
Holdings
Withdrawn status Lost status Source of classification or shelving scheme Damaged status Koha normalized classification for sorting Not for loan Permanent location Current location Date acquired Source of acquisition Cost, normal purchase price Total Checkouts Full call number Barcode Date last seen Date last borrowed Cost, replacement price Price effective from Koha item type
        690_000000000000000   BMS College of Architecture, Design and Planning BMS College of Architecture, Design and Planning 2024-01-17 1 1274.25 1 690 AR-UG3604 2025-08-18 2025-07-28 1699.00 2024-01-17 UG Books
Copyright © 2025, The Librarian, Library and Information Centre, BMSCA D&P, Bengaluru. All Rights Reserved
web counter

Powered by Koha